Diccionario de citas (Record no. 72891)

MARC details
000 -LEADER
campo de control de longitud fija 00584nam a2200193 i 4500
001 - NÚMERO DE CONTROL
campo de control 72891
003 - IDENTIFICADOR DE NÚMERO DE CONTROL
campo de control ES-MaACL
005 - FECHA Y HORA DE LA ÚLTIMA TRANSACCIÓN
campo de control 20230906171607.0
007 - CAMPO FIJO DE DESCRIPCIÓN FÍSICA--INFORMACIÓN GENERAL
campo de control de longitud fija t|
008 - DATOS DE LONGITUD FIJA--INFORMACIÓN GENERAL
campo de control de longitud fija 040903s1952 sp d |||| | spa d
080 ## - NÚMERO DE LA CLASIFICACIÓN DECIMAL UNIVERSAL
Número de la Clasificación Decimal Universal 082.2(038)
100 1# - ENTRADA PRINCIPAL--NOMBRE DE PERSONA
Nombre de persona Goicoechea, Cesáreo.
9 (RLIN) 57606
245 10 - MENCIÓN DEL TÍTULO
Título Diccionario de citas
Resto del título : verdades y semiverdades, axiomas y paradojas... /
Mención de responsabilidad, etc. Cesáreo Goicoechea Romano.
260 ## - PUBLICACIÓN, DISTRIBUCIÓN, ETC.
Lugar de publicación, distribución, etc. Barcelona :
Nombre del editor, distribuidor, etc. Labor,
Fecha de publicación, distribución, etc. 1952 (
Fabricante Grijelmo)
300 ## - DESCRIPCIÓN FÍSICA
Extensión XVI, 716 p. ;
Dimensiones 23 cm.
500 ## - NOTA GENERAL
Nota general Índices.
650 #4 - PUNTO DE ACCESO ADICIONAL DE MATERIA--TÉRMINO DE MATERIA
Término de materia o nombre geográfico como elemento de entrada Citas-
Subdivisión de forma Diccionarios.
9 (RLIN) 11062
852 ## - LOCALIZACIÓN
Ubicación ES-MaACL
Número de control de estantería D-7529
Holdings
Estatus retirado Estado de pérdida Estado de daño No para préstamo Colección Biblioteca de origen Biblioteca actual Ubicación en estantería Fecha de adquisición Fuente de adquisición Total de préstamos Signatura topográfica completa Código de barras Visto por última vez Precio de reemplazo Tipo de ítem Koha
        Colección de referencia Biblioteca del Ateneo de Madrid Biblioteca del Ateneo de Madrid Sala Valle Inclán 17/01/2008     D-7529 901076301 23/02/2023 23/02/2023 Libro impreso